| 000 | 00677nam a22002537a 4500 | ||
|---|---|---|---|
| 003 | UA-OsUOA | ||
| 001 | 28632 | ||
| 007 | ta | ||
| 008 | 20050414b un ||||| |||| 00| 0 ukr d | ||
| 100 | _aМурманцева В. С. | ||
| 090 |
_a94(47+57) _bМ91 |
||
| 942 | _cBK | ||
| 040 |
_aUA-OsUOA _brus _cUA-OsUOA _dUA-OsUOA |
||
| 245 | _aСоветские женщины в Великой Отечественной войне 1941-1945 гг. | ||
| 300 | _a293 с. | ||
| 955 | _a0 | ||
| 041 | _arus | ||
| 080 | _a94(47+57) | ||
| 260 |
_aМ. _bМысль _c1979 |
||
| 044 | _aRU | ||
| 250 | _n2-е изд., перераб. и доп. | ||
| 650 | 7 | _2UDC | |
| 999 |
_c315001 _d315001 |
||